| 000 | 00690cab a2200229 4500 | ||
|---|---|---|---|
| 001 | WB2705-53 | ||
| 008 | 090401t1991 xxu||||| |||| 00| 0 eng d | ||
| 035 | _a(Sirsi) u63432 | ||
| 041 | _aeng | ||
| 245 | _aNorwich moves into estate agency | ||
| 260 | _c1991 | ||
| 350 | _a0 | ||
| 490 |
_aYorkshire Post _v24/1/91 p6 |
||
| 490 |
_aIndependent on Sunday _v27/1/91 p16 |
||
| 520 | _aNorwich Union is moving into estate agency with a pilot scheme for 20 agents in the Thames Valley area. | ||
| 650 | _aACQUISITION | ||
| 650 | _aESTATE AGENCY CHAINS | ||
| 650 | _aINSTITUTION | ||
| 690 | _aMANAGEMENT-BUSINESS MANAGEMENT-PROFESSIONAL PRACTICE | ||
| 942 | _n0 | ||
| 948 | _c04/03/1997 | ||
| 999 |
_c39425 _d39425 |
||